[Event "Nikaia op 16th"]
[Site "Nikaia"]
[Date "2008.09.01"]
[Round "9"]
[White "Kazanakis, Efstathios"]
[Black "Videnova, Iva"]
[Result "0-1"]
[WhiteElo "1914"]
[BlackElo "2211"]
[PlyCount "72"]
[EventDate "2008.08.25"]
[EventType "swiss"]
[EventRounds "9"]
[EventCountry "GRE"]
[SourceTitle "CBM 126 Extra"]
[Source "ChessBase"]
[SourceDate "2008.11.05"]
[SourceVersion "1"]
[SourceVersionDate "2008.11.05"]
[SourceQuality "1"]

1. Nf3 c5 2. g3 g6 3. Bg2 Bg7 4. 0-0 Nc6 5. c3 e5 6. e4 d6 7. d3 Nge7 8. Be3 0-0 9. Na3 h6 10. Nd2 b6 11. f4 d5 12. Nf3 d4 13. cxd4 exf4 14. Bxf4 Nxd4 15. Qd2 Nxf3+ 16. Rxf3 g5 17. Be3 Nc6 18. Nc4 Be6 19. Rd1 Bg4 20. h4 Bd4 21. Rf5 Bxf5 22. exf5 Rc8 23. Qf2 b5 24. Bxd4 Qxd4 25. Ne3 Rfe8 26. Be4 c4 27. hxg5 hxg5 28. f6 cxd3 29. Bh7+ Kxh7 30. Qf5+ Kh8 31. Rxd3 Qe4 32. Qxg5 Rg8 33. Qh6+ Qh7 34. Qf4 Qxd3 35. Nf5 Rxg3+ 36. Nxg3 Qd4+ 0-1

[Event "Heraklio op-A 11th"]
[Site "Heraklion"]
[Date "2007.06.16"]
[Round "8"]
[White "Kazanakis, Efstathios"]
[Black "Spiropoulos, Panayotis"]
[Result "1-0"]
[WhiteElo "1806"]
[BlackElo "2109"]
[PlyCount "111"]
[EventDate "2007.06.09"]
[EventType "swiss"]
[EventRounds "9"]
[EventCountry "GRE"]
[SourceTitle "EXT 2008"]
[Source "ChessBase"]
[SourceDate "2007.11.25"]
[SourceVersion "1"]
[SourceVersionDate "2007.11.25"]
[SourceQuality "1"]

1. e4 c5 2. Nf3 Nc6 3. d4 cxd4 4. Nxd4 Nf6 5. Nc3 e5 6. Ndb5 d6 7. Bg5 a6 8. Na3 b5 9. Nd5 Be7 10. Bxf6 Bxf6 11. c3 0-0 12. Nc2 Rb8 13. a4 bxa4 14. Rxa4 Rxb2 15. Bxa6 Bxa6 16. Rxa6 Qb8 17. 0-0 Qb7 18. Ra1 Bg5 19. Qd3 Ne7 20. Nxe7+ Bxe7 21. Nb4 Rc8 22. Rab1 Rxb1 23. Rxb1 Rb8 24. Rd1 Bf8 25. Qd5 Qxd5 26. Nxd5 g6 27. g4 Bg7 28. g5 Bf8 29. Ra1 h6 30. h4 hxg5 31. hxg5 Rb7 32. Ra8 f5 33. gxf6 Kf7 34. Rc8 Ra7 35. Kg2 Rb7 36. Kf3 Ra7 37. Ke3 Bh6+ 38. Kd3 Bg5 39. Rc7+ Rxc7 40. Nxc7 Bxf6 41. Kc4 Bd8 42. Nd5 Ke6 43. Kb5 Bh4 44. f3 Kd7 45. Kb6 Bg5 46. Kb7 Bd8 47. c4 Ba5 48. Nb6+ Ke6 49. Kc6 Bxb6 50. Kxb6 Kf6 51. Kc7 Ke7 52. Kc6 Ke6 53. c5 dxc5 54. Kxc5 Ke7 55. Kd5 Kf6 56. Kd6 1-0